Catálogo
 En Linea

Aspectos metodológicos para el establecimiento y fortalecimiento de cadenas agroalimentarias, (CLUSTERS) : (Registro nro. 11830)

Detalles MARC
000 -CABECERA
campo de control de longitud fija 01031nam a2200241 a 4500
001 - NÚMERO DE CONTROL
campo de control 000012165
005 - FECHA Y HORA DE LA ÚLTIMA TRANSACCIÓN
campo de control 20250211105815.0
008 - DATOS DE LONGITUD FIJA--INFORMACIÓN GENERAL
campo de control de longitud fija 091106s2007 dr a 000 0 spa d
020 ## - NÚMERO INTERNACIONAL ESTÁNDAR DEL LIBRO
Número Internacional Estándar del Libro 9789993459071
040 ## - FUENTE DE LA CATALOGACIÓN
Centro catalogador/agencia de origen DO-SdBNP
Lengua de catalogación spa
Centro/agencia transcriptor BNPHU
082 ## - NÚMERO DE LA CLASIFICACIÓN DECIMAL DEWEY
Número de clasificación 338.47
Número de documento/Ítem A838m
049 ## - FONDOS LOCALES (OCLC)
Fondos de biblioteca BNPD
245 01 - MENCIÓN DE TÍTULO
Título Aspectos metodológicos para el establecimiento y fortalecimiento de cadenas agroalimentarias, (CLUSTERS) :
Resto del título el caso del café en la República Dominicana /
Mención de responsabilidad, etc. edición Teófilo Suriel E.
260 ## - PUBLICACIÓN, DISTRIBUCIÓN, ETC.
Lugar de publicación, distribución, etc. Santo Domingo :
Nombre del editor, distribuidor, etc. Centro para el Desarrollo Agropecuario y Forestal,
Fecha de publicación, distribución, etc. 2007.
300 ## - DESCRIPCIÓN FÍSICA
Extensión 86 P. :
Otras características físicas il. ;
Dimensiones 28 cm.
650 #4 - PUNTO DE ACCESO ADICIONAL DE MATERIA--TÉRMINO DE MATERIA
Término de materia o nombre geográfico como elemento de entrada Industria del café
9 (RLIN) 28757
650 #4 - PUNTO DE ACCESO ADICIONAL DE MATERIA--TÉRMINO DE MATERIA
Término de materia o nombre geográfico como elemento de entrada Café
Subdivisión general Mercadeo
-- Estadística
9 (RLIN) 28758
650 #0 - PUNTO DE ACCESO ADICIONAL DE MATERIA--TÉRMINO DE MATERIA
Término de materia o nombre geográfico como elemento de entrada Agricultura -
Subdivisión general Aspectos económicos
9 (RLIN) 30596
650 #4 - PUNTO DE ACCESO ADICIONAL DE MATERIA--TÉRMINO DE MATERIA
Término de materia o nombre geográfico como elemento de entrada Administración de la producción
Subdivisión general Estadística
9 (RLIN) 28759
650 #4 - PUNTO DE ACCESO ADICIONAL DE MATERIA--TÉRMINO DE MATERIA
Término de materia o nombre geográfico como elemento de entrada Industrias agropecuarias
Subdivisión general Planificación
Subdivisión de forma METODOLOGÍA
9 (RLIN) 28760
700 1# - PUNTO DE ACCESO ADICIONAL--NOMBRE DE PERSONA
Nombre de persona Suriel E., Teófilo,
Títulos y otros términos asociados al nombre ed.
9 (RLIN) 28761
710 2# - PUNTO DE ACCESO ADICIONAL--NOMBRE DE ENTIDAD CORPORATIVA
Nombre de entidad corporativa o nombre de jurisdicción como elemento de entrada Centro Internacional de Agricultura Tropical
9 (RLIN) 28762
Existencias
Estado de retiro Estado de pérdida Restricciones de uso No para préstamo Código de colección Localización permanente Ubicación/localización actual Ubicación en estantería Fecha de adquisición Número de inventario Total de préstamos Signatura topográfica completa Código de barras Fecha visto por última vez Número de copia Precio válido a partir de Tipo de ítem Koha
        Dominicana de Servicio General General En catalogación 06.11.2009 LF1   338.47 A838m 12165-30 25.06.2020 e. 3 25.06.2020 Libro y Folleto Colección Dominicana de Servicio
        Dominicana de Servicio General General En catalogación 27.01.2010 LF1   338.47 A838m 12165-40 25.06.2020 e. 4 25.06.2020 Libro y Folleto Colección Dominicana de Servicio
        Dominicana de Servicio General General En catalogación 27.01.2010 LF1   338.47 A838m 12165-50 25.06.2020 e. 5 25.06.2020 Libro y Folleto Colección Dominicana de Servicio
      Excluido de préstamo Patrimonio Dominicano Patrimonio Dominicano Patrimonio Dominicano En catalogación 06.11.2009 LF1   338.47 A838m 12165-10 25.06.2020   25.06.2020 Libro y Folleto Colección Patrimonio Dominicano
      Excluido de préstamo Patrimonio Dominicano Patrimonio Dominicano Patrimonio Dominicano En catalogación 06.11.2009 LF1   338.47 A838m 12165-20 25.06.2020 e. 2 25.06.2020 Libro y Folleto Colección Patrimonio Dominicano

Con tecnología Koha